000
00296nam a22001217a 4500
008
181123b xxu||||| |||| 00| 0 eng d
041
_a
eng
080
_a
043.3
100
_a
0
101
_a
BTH-MBE
245
_a
Menaxhimi i Riskut pergjate Zingjirit te Furnizimit
_c
Hondozi, A
942
_2
udc
_c
BK
999
_c
52442
_d
52442